000 00775nam a2200217Ia 4500
003 GCL
008 140319s9999 xx 000 0 ara d
040 _aGCL /
_cGCL
082 0 4 _a301.24
_bث ن
100 1 _aثاراجوثا، فيديريكو مايور
245 1 0 _aنظرة فى مستقبل البشرية قضايا لاتحتمل الانتظار /
_cثاراجوثا، فيديريكو مايور
700 1 _aمحمود على مكى
260 _a[S.N] :
_bالجمعية المصرية لنشر المعرفة والثقافةوالعلوم ،
_c1990
300 _a414 ص
490 _a
650 0 4 _aالتربية
650 0 4 _aالاحوال الاقتصادية
650 0 4 _aحقوق الانسان
650 0 4 _aالعالم
942 _2ddc
_cBK
999 _c30001
_d30001